[Event "Titled Tuesday intern op 14th Mar Late"]
[Site "Chess.com INT"]
[Date "2023.03.14"]
[Round "11"]
[White "Karas, Marek"]
[Black "Meunier Pion, Jean"]
[Result "1-0"]
[WhiteElo "2236"]
[BlackElo "2207"]
[PlyCount "149"]
[EventDate "2023.03.14"]
[EventType "swiss (blitz)"]
[EventRounds "11"]
[EventCountry "USA"]
[SourceTitle "EXT 2024"]
[Source "ChessBase"]
[SourceDate "2023.10.10"]
[SourceVersion "1"]
[SourceVersionDate "2023.10.10"]
[SourceQuality "1"]

1. e3 d5 2. Nf3 Nf6 3. c4 c6 4. b3 Bg4 5. Bb2 e6 6. h3 Bh5 7. Nc3 Bd6 8. Be2 0-0 9. g4 Bg6 10. d3 e5 11. cxd5 cxd5 12. g5 Nh5 13. Nxd5 Qa5+ 14. Nc3 Bb4 15. Rc1 Qxa2 16. Qc2 Rc8 17. 0-0 Qa6 18. Nxe5 Qe6 19. Nxg6 hxg6 20. Bg4 Qe8 21. Bxc8 Qxc8 22. Nd5 Nc6 23. Kg2 Qf5 24. Nxb4 Qxg5+ 25. Kh1 Nxb4 26. Qc5 Qh4 27. Kg2 Nxd3 28. Qd4 Qxd4 29. Bxd4 Nxc1 30. Rxc1 a5 31. Rc7 b5 32. Rb7 a4 33. Rxb5 a3 34. Ba1 Nf6 35. b4 Ne4 36. Ra5 Rb8 37. Rxa3 Rxb4 38. Ra2 Nd6 39. Bd4 Rb5 40. Ra8+ Kh7 41. Ra7 Nf5 42. Rxf7 Rd5 43. Bb2 Nh4+ 44. Kg3 Rg5+ 45. Kxh4 Rg2 46. Rxg7+ Kh6 47. Bf6 g5+ 48. Rxg5 Rxf2 49. Be7 Kh7 50. Rg4 Rf3 51. Bg5 Kg6 52. Bf4+ Kh7 53. Rg5 Rf1 54. Kg4 Rb1 55. Kf5 Rb5+ 56. Kg4 Rb3 57. h4 Rb1 58. h5 Rg1+ 59. Kf5 Rb1 60. e4 Rb5+ 61. e5 Rb2 62. h6 Rb7 63. Rg7+ Rxg7 64. hxg7 Kg8 65. e6 Kxg7 66. Ke5 Kf8 67. Kd6 Ke8 68. e7 Kf7 69. Kd7 Kf6 70. e8Q Kf5 71. Qe5+ Kg6 72. Qe6+ Kg7 73. Be5+ Kf8 74. Qf6+ Kg8 75. Qg7# 1-0